[Event "MARIENBAD OPEN 2019 - C - FIDE open"]
[Site "Polonia hotel, Marianske Lazne"]
[Date "2019.01.19"]
[Round "1"]
[White "Warcaba, Jakub"]
[Black "Kushko, Dmitriy"]
[Result "0-1"]
[WhiteElo "1608"]
[BlackElo "2270"]
[PlyCount "62"]
[EventDate "2019.01.19"]

1. d4 d6 2. Nf3 Nf6 3. c4 g6 4. Nc3 Bg7 5. e4 O-O 6. Be2 e5 7. O-O Nc6 8. d5
Ne7 9. Ne1 Nd7 10. Nd3 f5 11. Bd2 Nf6 12. f3 c5 13. dxc6 Nxc6 14. Rc1 Nd4 15.
Be3 Kh8 16. exf5 Nxf5 17. Bf2 Bh6 18. Rc2 Ne3 19. Bxe3 Bxe3+ 20. Kh1 Bf5 21. g4
Be6 22. Nb4 Rc8 23. Nbd5 Nxd5 24. Nxd5 Bd4 25. Qd3 b5 26. Qb3 bxc4 27. Bxc4
Rxc4 28. Qxc4 Qa8 29. Qxd4 exd4 30. Nc7 Qc8 31. Re2 Bd5 0-1

[Event "MARIENBAD OPEN 2019 - C - FIDE open"]
[Site "Polonia hotel, Marianske Lazne"]
[Date "2019.01.19"]
[Round "1"]
[White "Qiu, Mengjie"]
[Black "Koci, Vladimir"]
[Result "1-0"]
[WhiteElo "2247"]
[BlackElo "1604"]
[PlyCount "83"]
[EventDate "2019.01.19"]

1. e4 e6 2. d4 d5 3. exd5 exd5 4. Nf3 Bd6 5. c4 Qe7+ 6. Be3 Nf6 7. c5 Bf4 8.
Qe2 Bxe3 9. Qxe3 Qxe3+ 10. fxe3 Ng4 11. Nc3 Nxe3 12. Ke2 Nxf1 13. Nxd5 Na6 14.
Rhxf1 Be6 15. Ne3 Nb4 16. b3 O-O 17. Kd2 Rad8 18. Rfe1 Rd7 19. Nc4 Bf5 20. g4
Bg6 21. Nce5 Rd5 22. Rf1 Nc6 23. Nxc6 bxc6 24. Rfe1 f6 25. Re7 Rc8 26. Kc3 Kf8
27. Rae1 Be8 28. Nh4 Bd7 29. h3 Re8 30. Rxe8+ Bxe8 31. Ng2 Rd7 32. Nf4 Kf7 33.
Kd3 Re7 34. Rc1 g5 35. Nh5 Ke6 36. Re1+ Kd7 37. Nxf6+ Kd8 38. Rxe7 Kxe7 39.
Nxe8 Kxe8 40. Ke4 Kf7 41. Kf5 h6 42. b4 1-0

[Event "MARIENBAD OPEN 2019 - C - FIDE open"]
[Site "Polonia hotel, Marianske Lazne"]
[Date "2019.01.19"]
[Round "1"]
[White "Topola, Rafal"]
[Black "Shilov, Sergej"]
[Result "1-0"]
[WhiteElo "1599"]
[BlackElo "2243"]
[PlyCount "47"]
[EventDate "2019.01.19"]

1. e4 c5 2. Nf3 Nf6 3. Nc3 d5 4. exd5 Nxd5 5. Nxd5 Qxd5 6. d4 Nc6 7. Be3 cxd4
8. Nxd4 a6 9. Nb3 Qe5 10. c3 Qc7 11. Be2 e5 12. O-O Be7 13. f4 exf4 14. Bxf4
Qb6+ 15. Kh1 O-O 16. Qc2 Be6 17. Bd3 g6 18. Rae1 Rac8 19. Rxe6 fxe6 20. Bxg6 e5
21. Bxh7+ Kh8 22. Qg6 Rxf4 23. Rxf4 exf4 24. Bg8 1-0

[Event "MARIENBAD OPEN 2019 - C - FIDE open"]
[Site "Polonia hotel, Marianske Lazne"]
[Date "2019.01.19"]
[Round "1"]
[White "Sprenar, Petr"]
[Black "Zabrzanska, Weronika"]
[Result "1-0"]
[WhiteElo "2236"]
[BlackElo "1596"]
[PlyCount "75"]
[EventDate "2019.01.19"]

1. d4 d5 2. Nf3 Nf6 3. Bf4 e6 4. e3 Be7 5. Nbd2 O-O 6. Bd3 Nbd7 7. c3 b6 8. Ne5
Bb7 9. Qf3 c5 10. Qh3 h6 11. Ndf3 Ne4 12. Nxd7 Qxd7 13. Ne5 Qd8 14. f3 Ng5 15.
Qh5 f5 16. Ng6 Rf7 17. Nxe7+ Qxe7 18. O-O-O c4 19. Bc2 b5 20. h4 Nh7 21. Be5
Rff8 22. g4 Qf7 23. Qxf7+ Rxf7 24. gxf5 exf5 25. Rdg1 Bc8 26. Rg2 a5 27. Rhg1
Raa7 28. Rg6 Kf8 29. Rc6 Ba6 30. Rgg6 Bb7 31. Rb6 b4 32. cxb4 axb4 33. Rxb4
Rxa2 34. Bxg7+ Rxg7 35. Rxg7 Kxg7 36. Rxb7+ Kg8 37. Bxf5 Nf8 38. Rb5 1-0

[Event "MARIENBAD OPEN 2019 - C - FIDE open"]
[Site "Polonia hotel, Marianske Lazne"]
[Date "2019.01.19"]
[Round "1"]
[White "Dadello, Barbara"]
[Black "Nemec, Pavel"]
[Result "0-1"]
[WhiteElo "1588"]
[BlackElo "2232"]
[PlyCount "50"]
[EventDate "2019.01.19"]

1. e4 c5 2. Nf3 d6 3. d4 cxd4 4. Nxd4 Nf6 5. Nc3 a6 6. Be3 e5 7. Nb3 Be6 8. f3
Nbd7 9. Qd2 Rc8 10. O-O-O b5 11. g4 Nb6 12. Kb1 b4 13. Ne2 Nc4 14. Qc1 Qc7 15.
Bf2 Be7 16. Ng3 g6 17. Bd3 Nd7 18. h4 Ndb6 19. Nd2 Nxb2 20. Qxb2 Na4 21. Qc1
Nc3+ 22. Ka1 Bxa2 23. Nb3 Bxb3 24. cxb3 Qa5+ 25. Kb2 Qa2# 0-1

[Event "MARIENBAD OPEN 2019 - C - FIDE open"]
[Site "Polonia hotel, Marianske Lazne"]
[Date "2019.01.19"]
[Round "1"]
[White "Varitski, Igor"]
[Black "Schoeppe, Christian"]
[Result "1-0"]
[WhiteElo "2209"]
[BlackElo "1544"]
[PlyCount "45"]
[EventDate "2019.01.19"]

1. e4 e5 2. Nf3 Nf6 3. Nxe5 Qe7 4. Nf3 Nxe4 5. Be2 d6 6. Nc3 Nxc3 7. dxc3 Be6
8. O-O h6 9. Re1 Nd7 10. Nd4 O-O-O 11. Bc4 Ne5 12. Bxe6+ fxe6 13. f4 c5 14.
fxe5 cxd4 15. Qxd4 dxe5 16. Qxa7 Qc7 17. Be3 Rd5 18. Qa8+ Kd7 19. Rad1 Ke7 20.
Qa4 Kf7 21. Rf1+ Kg8 22. Qe8 Qd6 23. Rxf8+ 1-0

[Event "MARIENBAD OPEN 2019 - C - FIDE open"]
[Site "Polonia hotel, Marianske Lazne"]
[Date "2019.01.19"]
[Round "1"]
[White "Kuttner, Jaromir"]
[Black "Tennstedt, Andreas"]
[Result "0-1"]
[WhiteElo "1504"]
[BlackElo "2126"]
[PlyCount "70"]
[EventDate "2019.01.19"]

1. e4 c5 2. Nf3 Nc6 3. d4 cxd4 4. Nxd4 g6 5. g3 Bg7 6. Nxc6 bxc6 7. Bg2 Ba6 8.
Nc3 Rb8 9. Na4 Qa5+ 10. c3 Bb5 11. Nc5 Bxc3+ 12. Bd2 Bxd2+ 13. Qxd2 Qxd2+ 14.
Kxd2 d6 15. Nb3 e5 16. Kc3 c5 17. Rhd1 Ke7 18. Rd2 Nf6 19. Na5 Rb6 20. Nc4 Bxc4
21. Kxc4 Rhb8 22. Kc3 Rb4 23. f3 Ne8 24. Rad1 Nc7 25. Bf1 Rd4 26. Bc4 Nb5+ 27.
Bxb5 Rxb5 28. b3 f5 29. a4 Rxd2 30. Rxd2 Rb4 31. exf5 gxf5 32. Re2 Ke6 33. f4
e4 34. h3 h5 35. Kc2 d5 0-1

[Event "MARIENBAD OPEN 2019 - C - FIDE open"]
[Site "Polonia hotel, Marianske Lazne"]
[Date "2019.01.19"]
[Round "1"]
[White "Menshikov, Ivan"]
[Black "Jiruse, Josef"]
[Result "1-0"]
[WhiteElo "1462"]
[BlackElo "2023"]
[PlyCount "41"]
[EventDate "2019.01.19"]

1. e4 c6 2. d4 g6 3. Nc3 d5 4. Nf3 Bg4 5. e5 e6 6. Be3 h5 7. h3 Bxf3 8. Qxf3
Nh6 9. O-O-O Nf5 10. Bd3 Nd7 11. g4 Ne7 12. Bg5 Qa5 13. Kb1 c5 14. dxc5 Nxe5
15. Qf6 Nxd3 16. Qxh8 Nxf2 17. Bxe7 Kxe7 18. Nxd5+ Kd7 19. Nb6+ Kc6 20. Nxa8
Qxc5 21. Rd8 1-0

[Event "MARIENBAD OPEN 2019 - C - FIDE open"]
[Site "Polonia hotel, Marianske Lazne"]
[Date "2019.01.19"]
[Round "1"]
[White "Khairullin, Amir"]
[Black "Gumenniy, Evgeny"]
[Result "1/2-1/2"]
[WhiteElo "1402"]
[BlackElo "2004"]
[PlyCount "79"]
[EventDate "2019.01.19"]

1. d4 d5 2. c4 e6 3. Nf3 c6 4. g3 Bb4+ 5. Bd2 Be7 6. Bg2 Nd7 7. Qc2 Ngf6 8. O-O
Ne4 9. Bc1 O-O 10. Nbd2 f5 11. Bh3 Nd6 12. Re1 g5 13. g4 h5 14. gxf5 exf5 15.
c5 Ne4 16. Nxe4 fxe4 17. Kh1 Kh8 18. Rg1 Rg8 19. Be6 Rg7 20. Nxg5 Bxg5 21. Bxg5
Rxg5 22. Qd2 Rxg1+ 23. Rxg1 Qf6 24. Rg5 Qxe6 25. Rxh5+ Kg7 26. Qg5+ Qg6 27.
Qe7+ Kg8 28. Rg5 Nf8 29. Rxg6+ Nxg6 30. Qd8+ Kg7 31. h4 Nxh4 32. Qe7+ Kg6 33.
Qxh4 Bf5 34. Qg3+ Kf6 35. Qd6+ Be6 36. Qe5+ Kf7 37. Qc7+ Kf6 38. Qf4+ Ke7 39.
Qd6+ Kf6 40. Qf4+ 1/2-1/2

[Event "MARIENBAD OPEN 2019 - C - FIDE open"]
[Site "Polonia hotel, Marianske Lazne"]
[Date "2019.01.19"]
[Round "1"]
[White "Dixa, Joanna"]
[Black "Pipia, Ekaterine"]
[Result "0-1"]
[WhiteElo "1313"]
[BlackElo "1963"]
[PlyCount "74"]
[EventDate "2019.01.19"]

1. e4 g6 2. d4 Bg7 3. Nf3 d6 4. h3 a6 5. Nc3 b5 6. Bd3 Nd7 7. Be3 Bb7 8. O-O c5
9. dxc5 Nxc5 10. Qd2 b4 11. Nd1 Nxd3 12. Qxd3 Nf6 13. Nd2 O-O 14. f3 a5 15. Re1
Qc7 16. c3 Ba6 17. Qb1 Rfc8 18. Bd4 Nh5 19. Bxg7 Kxg7 20. cxb4 Nf4 21. Ne3 Qa7
22. Ndf1 Nd3 23. Rd1 Nxb4 24. Kh1 Bxf1 25. Nxf1 Nc2 26. b3 Nxa1 27. Qxa1+ Kg8
28. e5 dxe5 29. Qxe5 Qc7 30. Qa1 Rd8 31. Rc1 Qb6 32. Re1 e6 33. Ne3 Qd4 34. Qc1
Rac8 35. Qa3 Qd2 36. Rd1 Qxe3 37. Rxd8+ Rxd8 0-1

[Event "MARIENBAD OPEN 2019 - C - FIDE open"]
[Site "Polonia hotel, Marianske Lazne"]
[Date "2019.01.19"]
[Round "1"]
[White "Vishwa, Vasnawala"]
[Black "Kuzovkin, Danil"]
[Result "1-0"]
[WhiteElo "1882"]
[BlackElo "1181"]
[PlyCount "37"]
[EventDate "2019.01.19"]

1. d4 e6 2. Bf4 d5 3. e3 Nf6 4. Nd2 g6 5. Ngf3 Bg7 6. h4 Nc6 7. Be2 Ne7 8. Ne5
Nf5 9. g4 Nd6 10. h5 Nd7 11. Bd3 O-O 12. hxg6 fxg6 13. Qf3 Nxe5 14. dxe5 Nf7
15. Qh3 Nh8 16. Qxh7+ Kf7 17. Bh6 Rg8 18. Bxg7 Rxg7 19. Qxh8 1-0

[Event "MARIENBAD OPEN 2019 - D - Open Seniors"]
[Site "Polonia hotel, Marianske Lazne"]
[Date "2019.01.19"]
[Round "1"]
[White "Chudek, Lubomir"]
[Black "Baum, Bernd"]
[Result "0-1"]
[WhiteElo "1768"]
[BlackElo "2204"]
[PlyCount "100"]
[EventDate "2019.01.19"]

1. e4 c5 2. Nf3 Nc6 3. d4 cxd4 4. Nxd4 g6 5. Nc3 Bg7 6. Be3 Nf6 7. f3 O-O 8.
Qd2 d5 9. Nxc6 bxc6 10. O-O-O Be6 11. exd5 cxd5 12. Bd4 Qb8 13. g4 Rd8 14. Qe3
Qc7 15. h4 h5 16. gxh5 Nxh5 17. Bxg7 Kxg7 18. Nb5 Qf4 19. Qxf4 Nxf4 20. Rd4 Nh5
21. Nc7 Rab8 22. Nxe6+ fxe6 23. Ra4 Rb7 24. Bh3 Kf6 25. Re1 Rd6 26. Re3 Rdb6
27. Rb3 Rxb3 28. axb3 Ng7 29. Kd2 e5 30. Bc8 Rc7 31. Bg4 e6 32. c4 d4 33. Kd3
Nf5 34. h5 gxh5 35. Bxh5 Ne3 36. f4 exf4 37. Kxd4 Nf5+ 38. Kc3 Kg5 39. Bf3 Kh4
40. Ra6 Kg3 41. Be2 Re7 42. Ra5 f3 43. Bd3 f2 44. Ra1 Kf3 45. c5 Ng3 46. b4 e5
47. b5 e4 48. Bc4 Kg2 49. b6 axb6 50. cxb6 Rb7 0-1

[Event "MARIENBAD OPEN 2019 - D - Open Seniors"]
[Site "Polonia hotel, Marianske Lazne"]
[Date "2019.01.19"]
[Round "1"]
[White "Kozak, Milos"]
[Black "Berka, Lubos"]
[Result "1-0"]
[WhiteElo "2203"]
[BlackElo "1759"]
[PlyCount "69"]
[EventDate "2019.01.19"]

1. d4 Nf6 2. c4 g6 3. g3 Bg7 4. Bg2 O-O 5. Nc3 c6 6. e4 d6 7. Nf3 Nbd7 8. O-O
e5 9. h3 a6 10. Qc2 Qc7 11. Rd1 Re8 12. Be3 b6 13. Rac1 Bb7 14. d5 c5 15. a4 a5
16. Nb5 Qb8 17. Nh4 Ba6 18. Rf1 Bxb5 19. cxb5 Qd8 20. Nf3 Rf8 21. Nd2 Nh5 22.
Bf3 Nhf6 23. Be2 Ne8 24. Bd3 Ndf6 25. Nc4 Rb8 26. Kh2 Nh5 27. Rce1 Qd7 28. f4
exf4 29. gxf4 Bh6 30. Qe2 Nhf6 31. Qf3 Nc7 32. Bd2 Rfe8 33. Rg1 Rf8 34. Bc3 Nh5
35. Qxh5 1-0

[Event "MARIENBAD OPEN 2019 - D - Open Seniors"]
[Site "Polonia hotel, Marianske Lazne"]
[Date "2019.01.19"]
[Round "1"]
[White "Simkin, Alexander"]
[Black "Bartos, Jan"]
[Result "1/2-1/2"]
[WhiteElo "1742"]
[BlackElo "2178"]
[PlyCount "61"]
[EventDate "2019.01.19"]

1. d4 g6 2. c4 Bg7 3. Nc3 d6 4. Nf3 f5 5. e4 fxe4 6. Nxe4 Nf6 7. Nxf6+ exf6 8.
Be2 O-O 9. O-O a5 10. Bd2 c6 11. Bc3 Na6 12. Qd2 b6 13. Rfd1 Nc7 14. h3 Ba6 15.
a4 Re8 16. Bd3 d5 17. c5 Bxd3 18. cxb6 Be2 19. bxc7 Qxc7 20. Re1 Bxf3 21. Rxe8+
Rxe8 22. Bxa5 Qd7 23. gxf3 Qxh3 24. Re1 Ra8 25. Qc3 Rc8 26. Qe3 Bf8 27. Bb6 Kf7
28. Qf4 Qd7 29. Re2 Bd6 30. Qh6 Kg8 31. Qe3 1/2-1/2

[Event "MARIENBAD OPEN 2019 - D - Open Seniors"]
[Site "Polonia hotel, Marianske Lazne"]
[Date "2019.01.19"]
[Round "1"]
[White "Schatz, Christian"]
[Black "Ruzicka, Tomas"]
[Result "1-0"]
[WhiteElo "2159"]
[BlackElo "1739"]
[PlyCount "53"]
[EventDate "2019.01.19"]

1. Nf3 Nf6 2. c4 g6 3. Nc3 Bg7 4. d4 d5 5. Bg5 dxc4 6. Qa4+ c6 7. Qxc4 O-O 8.
e3 b6 9. Qb3 Be6 10. Bc4 Bxc4 11. Qxc4 b5 12. Qb3 Nbd7 13. O-O Nb6 14. a4 a6
15. Ne5 Rc8 16. axb5 axb5 17. Ra6 Nfd7 18. Nxd7 Nxd7 19. Ne4 Nb8 20. Ra7 Rc7
21. Rfa1 Rxa7 22. Rxa7 Re8 23. Nc5 Kf8 24. Bf4 Qd5 25. Qxd5 cxd5 26. Bxb8 Rxb8
27. Nd7+ 1-0

[Event "MARIENBAD OPEN 2019 - D - Open Seniors"]
[Site "Polonia hotel, Marianske Lazne"]
[Date "2019.01.19"]
[Round "1"]
[White "Lacha, Jan"]
[Black "Polich, Sergei"]
[Result "0-1"]
[WhiteElo "1727"]
[BlackElo "2112"]
[PlyCount "70"]
[EventDate "2019.01.19"]

1. d4 Nf6 2. Nc3 d5 3. Bg5 c5 4. Bxf6 exf6 5. e4 dxe4 6. dxc5 Qa5 7. Qd5 Nc6 8.
Bb5 Bd7 9. Qxe4+ Be7 10. a3 f5 11. Qa4 Qxa4 12. Nxa4 a6 13. Nb6 Rd8 14. Bd3 Ne5
15. Nxd7 Nxd3+ 16. cxd3 Rxd7 17. b4 Rxd3 18. Ke2 Rb3 19. Nf3 Rb2+ 20. Ke3 Bf6
21. Rad1 O-O 22. Rd7 Rb3+ 23. Kf4 Rb8 24. Ne5 Rxa3 25. Rb1 Ra2 26. f3 Rxg2 27.
Nxf7 Rf8 28. Nd6 Re2 29. Kg3 h5 30. Rxb7 h4+ 31. Kh3 Be5 32. Kxh4 Rxh2+ 33. Kg5
Rg2+ 34. Kh4 Rf6 35. Nxf5 Rh2+ 0-1

[Event "MARIENBAD OPEN 2019 - D - Open Seniors"]
[Site "Polonia hotel, Marianske Lazne"]
[Date "2019.01.19"]
[Round "1"]
[White "Paldus, Petr"]
[Black "Svec, Jan"]
[Result "1-0"]
[WhiteElo "2037"]
[BlackElo "1722"]
[PlyCount "79"]
[EventDate "2019.01.19"]

1. e4 c5 2. Nf3 d6 3. g3 Nf6 4. Nc3 e5 5. Bg2 Be7 6. O-O Bg4 7. h3 Bh5 8. Re1
Nc6 9. Nd5 O-O 10. d3 Nd4 11. Nxe7+ Qxe7 12. g4 Nxf3+ 13. Qxf3 Bg6 14. Bg5 h6
15. Bxf6 Qxf6 16. Qxf6 gxf6 17. f4 Rab8 18. f5 Bh7 19. c3 a5 20. Kf2 Kg7 21.
Ke3 h5 22. Bf3 hxg4 23. hxg4 b5 24. d4 c4 25. b3 Rfc8 26. Rec1 b4 27. cxb4 Rxb4
28. Rxc4 Rcxc4 29. bxc4 Rxc4 30. Rd1 Kf8 31. dxe5 fxe5 32. Rxd6 Ke7 33. Rd5 Ra4
34. Rxe5+ Kf6 35. Kf4 Rxa2 36. Rb5 a4 37. e5+ Kg7 38. f6+ Kh8 39. Rb8+ Bg8 40.
e6 1-0

[Event "MARIENBAD OPEN 2019 - D - Open Seniors"]
[Site "Polonia hotel, Marianske Lazne"]
[Date "2019.01.19"]
[Round "1"]
[White "Briza, Jiri"]
[Black "Wacker, Manfred"]
[Result "1-0"]
[WhiteElo "1944"]
[BlackElo "1670"]
[PlyCount "49"]
[EventDate "2019.01.19"]

1. e4 e6 2. d4 d5 3. Nc3 dxe4 4. Nxe4 Bd7 5. Nf3 Bc6 6. Bd3 Nd7 7. O-O Ngf6 8.
Qe2 Be7 9. Ne5 Bxe4 10. Bxe4 Nxe4 11. Qxe4 Nxe5 12. dxe5 c6 13. Qg4 g6 14. Bh6
Bf8 15. Bxf8 Kxf8 16. Rad1 Qe7 17. Rd6 Kg7 18. Rfd1 Rhd8 19. Qd4 Rdc8 20. Rd7
c5 21. Qf4 g5 22. Qg4 h5 23. Qxh5 Rh8 24. Qxh8+ Rxh8 25. Rxe7 1-0

[Event "MARIENBAD OPEN 2019 - D - Open Seniors"]
[Site "Polonia hotel, Marianske Lazne"]
[Date "2019.01.19"]
[Round "1"]
[White "Dolezal, Rudolf"]
[Black "Spanton, Tim R"]
[Result "0-1"]
[WhiteElo "1625"]
[BlackElo "1943"]
[PlyCount "77"]
[EventDate "2019.01.19"]

1. c4 e5 2. Nc3 Nc6 3. e3 Nf6 4. d3 d5 5. b3 Bb4 6. Bd2 O-O 7. Nf3 Re8 8. Be2
d4 9. Ne4 Nxe4 10. dxe4 d3 11. Bf1 Bg4 12. a3 Bxf3 13. gxf3 Bxd2+ 14. Qxd2 Qf6
15. Bg2 Rad8 16. O-O Re6 17. f4 exf4 18. exf4 Qh4 19. Qe3 Rf6 20. f5 Ne5 21.
Qg3 Qxg3 22. fxg3 Rb6 23. Rab1 d2 24. c5 Ra6 25. a4 Ra5 26. b4 Rxa4 27. Rfd1
Ra2 28. Bf1 Rd4 29. Bg2 Nc4 30. Kf2 Nb2 31. Bf3 Nxd1+ 32. Rxd1 Rxb4 33. e5 Kf8
34. Bd5 Rc2 35. Ke2 Rd4 36. Bxb7 Rxc5 37. Ke3 Rb4 38. Bc8 Rxe5+ 39. Kxd2 0-1

[Event "MARIENBAD OPEN 2019 - D - Open Seniors"]
[Site "Polonia hotel, Marianske Lazne"]
[Date "2019.01.19"]
[Round "1"]
[White "Kucera, Jiri"]
[Black "Brhlik, Antonin"]
[Result "1-0"]
[WhiteElo "1939"]
[BlackElo "1624"]
[PlyCount "27"]
[EventDate "2019.01.19"]

1. e4 g6 2. d4 Bg7 3. Nc3 d6 4. f4 Nd7 5. Nf3 e5 6. Bc4 Nh6 7. O-O O-O 8. fxe5
dxe5 9. Bg5 Nf6 10. Nxe5 Nhg4 11. Nd5 h6 12. Nxg4 Bxg4 13. Nxf6+ Bxf6 14. Bxf6
1-0

[Event "MARIENBAD OPEN 2019 - D - Open Seniors"]
[Site "Polonia hotel, Marianske Lazne"]
[Date "2019.01.19"]
[Round "1"]
[White "Rychtecky, Pavel"]
[Black "Ahrends, Norbert"]
[Result "0-1"]
[WhiteElo "1624"]
[BlackElo "1898"]
[PlyCount "96"]
[EventDate "2019.01.19"]

1. e4 c5 2. Nf3 d6 3. d4 cxd4 4. Nxd4 Nf6 5. Nc3 a6 6. Be2 e5 7. Nb3 Be6 8. Bg5
Be7 9. Qd2 Nbd7 10. O-O Rc8 11. Be3 O-O 12. f3 b5 13. Nd5 Bxd5 14. exd5 Nb6 15.
Bxb6 Qxb6+ 16. Kh1 Nh5 17. g3 Nf6 18. Kg2 Rc7 19. Rac1 Rfc8 20. Qd3 g6 21. g4
Bf8 22. h4 Bh6 23. g5 Nh5 24. Qd2 Bg7 25. c3 a5 26. Rc2 a4 27. Na1 Rc5 28. Rd1
Rxd5 29. Qc1 Rdc5 30. Qe3 d5 31. Rcd2 Qe6 32. Bf1 d4 33. cxd4 exd4 34. Qxe6
fxe6 35. Bd3 Kf7 36. b4 Re5 37. Be4 d3 38. Kh3 Rc4 39. Rb1 Rexe4 40. fxe4 Rxe4
41. Rf2+ Ke7 42. Rff1 Bc3 43. Rfd1 e5 44. Rdc1 Rc4 45. a3 Nf4+ 46. Kh2 Ne2 47.
Rd1 Rxh4+ 48. Kg2 e4 0-1

[Event "MARIENBAD OPEN 2019 - C - FIDE open"]
[Site "Polonia hotel, Marianske Lazne"]
[Date "2019.01.20"]
[Round "2"]
[White "Shagbazyan, Taron"]
[Black "Deckert, Frank"]
[Result "1-0"]
[WhiteElo "2415"]
[BlackElo "1977"]
[PlyCount "51"]
[EventDate "2019.01.19"]

1. d4 Nf6 2. c4 e6 3. Nc3 Bb4 4. e3 b6 5. Nge2 Bb7 6. a3 Be7 7. d5 d6 8. g3 O-O
9. Bg2 Nbd7 10. Nd4 exd5 11. cxd5 Re8 12. O-O Bf8 13. b4 a5 14. Bb2 Nb8 15. Qb3
Qd7 16. Qc4 Na6 17. h3 Rec8 18. Rac1 Nb8 19. Nc6 Ba6 20. b5 Bb7 21. Ne2 Qe8 22.
Bxf6 gxf6 23. Qg4+ Bg7 24. Ned4 Kh8 25. Nf5 Bf8 26. Nce7 1-0

[Event "MARIENBAD OPEN 2019 - C - FIDE open"]
[Site "Polonia hotel, Marianske Lazne"]
[Date "2019.01.20"]
[Round "2"]
[White "Zimmermann, Dirk"]
[Black "Sabuk, Piotr"]
[Result "0-1"]
[WhiteElo "1976"]
[BlackElo "2395"]
[PlyCount "108"]
[EventDate "2019.01.19"]

1. e4 e5 2. Nf3 Nc6 3. Bb5 Nge7 4. O-O g6 5. Nc3 Bg7 6. d3 O-O 7. h3 a6 8. Bc4
b5 9. Bd5 Nxd5 10. Nxd5 Bb7 11. c4 Ne7 12. Qb3 c6 13. Nxe7+ Qxe7 14. Bd2 Rfb8
15. a4 d5 16. axb5 dxe4 17. dxe4 cxb5 18. cxb5 Bxe4 19. b6 Rd8 20. Qb4 Qb7 21.
Bg5 f6 22. Be3 Bf8 23. Qa4 Bc6 24. Qb3+ Bd5 25. Qa4 Qd7 26. Qxd7 Rxd7 27. Rfd1
Kf7 28. Ne1 Ke6 29. Rac1 Rb8 30. Ra1 Bb7 31. Rxd7 Kxd7 32. f3 Rc8 33. Nd3 e4
34. fxe4 Bxe4 35. Nf2 Bb7 36. Nd3 Rc2 37. g4 Re2 38. Re1 Rxe1+ 39. Nxe1 Be4 40.
Ng2 Kc6 41. b7 Kxb7 42. Bd4 Be7 43. Nf4 Kc6 44. Kf1 f5 45. gxf5 Bxf5 46. Kg2
Bd6 47. Ne2 Kd5 48. Bf6 Kc4 49. Ng3 Be6 50. h4 Bf7 51. Kf3 Kd3 52. Nf1 Bd5+ 53.
Kg4 h5+ 54. Kh3 Ke2 0-1

[Event "MARIENBAD OPEN 2019 - C - FIDE open"]
[Site "Polonia hotel, Marianske Lazne"]
[Date "2019.01.20"]
[Round "2"]
[White "Kolbus, Dietmar"]
[Black "Van Gils, Martin"]
[Result "1/2-1/2"]
[WhiteElo "2294"]
[BlackElo "1964"]
[PlyCount "103"]
[EventDate "2019.01.19"]

1. c4 g6 2. e4 c6 3. Nc3 d6 4. d4 Bg7 5. Be3 a6 6. a4 a5 7. Qd2 Na6 8. Nge2 Nb4
9. Na2 Na6 10. Nec3 h5 11. Be2 Nf6 12. h3 d5 13. cxd5 cxd5 14. Bb5+ Kf8 15. f3
Nc7 16. Be2 h4 17. O-O Nh5 18. Rf2 Ng3 19. Bd1 Be6 20. Bc2 Qd7 21. Rd1 Ra6 22.
Nc1 Rd6 23. N1e2 Nxe2+ 24. Nxe2 Rb6 25. Qxa5 Rxb2 26. Qc3 Rb6 27. e5 Rc6 28.
Qb2 Bh6 29. Bxh6+ Rxh6 30. f4 Rh5 31. Bd3 b6 32. Nc3 Bf5 33. Be2 Rh8 34. Rc1
Kg7 35. Nb5 Ne6 36. Rxc6 Qxc6 37. Qd2 Ra8 38. Bd1 Qc4 39. Rf3 Rxa4 40. Bxa4
Qxa4 41. Nc3 Qxd4+ 42. Qxd4 Nxd4 43. Rf2 Be4 44. Rb2 Ne6 45. Rxb6 Nxf4 46. Nxe4
dxe4 47. Rb4 Ne2+ 48. Kf2 Ng3 49. Ke3 g5 50. Rb7 Kf8 51. Rb8+ Kg7 52. Rb7
1/2-1/2

[Event "MARIENBAD OPEN 2019 - C - FIDE open"]
[Site "Polonia hotel, Marianske Lazne"]
[Date "2019.01.20"]
[Round "2"]
[White "Pipia, Ekaterine"]
[Black "Chkhaidze, Nikoloz"]
[Result "0-1"]
[WhiteElo "1963"]
[BlackElo "2290"]
[PlyCount "76"]
[EventDate "2019.01.19"]

1. Nf3 d5 2. c4 e6 3. e3 Nf6 4. b3 Bd6 5. Bb2 O-O 6. Nc3 b6 7. Be2 Bb7 8. d4
Nbd7 9. O-O a6 10. Qc2 Qe7 11. Rac1 Rac8 12. cxd5 exd5 13. Bd3 Ne4 14. Qe2 b5
15. Bb1 f5 16. Rfd1 f4 17. Nxe4 dxe4 18. Ne5 f3 19. gxf3 exf3 20. Qf1 Qh4 21.
Kh1 Nf6 22. Qg1 Bxe5 23. dxe5 Ng4 24. Rd2 Rcd8 25. Bd4 c6 26. e6 Rfe8 27. Bf5
h5 28. Qg3 Qg5 29. Rc5 Rd5 30. Qc7 Nh6 31. Bh3 Rxc5 32. Bxc5 Qxc5 33. Qd7 Re7
34. Qd8+ Kh7 35. Rd6 Ng4 36. Bxg4 hxg4 37. h3 Qh5 38. Kg1 Qxh3 0-1

[Event "MARIENBAD OPEN 2019 - C - FIDE open"]
[Site "Polonia hotel, Marianske Lazne"]
[Date "2019.01.20"]
[Round "2"]
[White "Kushko, Dmitriy"]
[Black "Luberanski, Jakub"]
[Result "1/2-1/2"]
[WhiteElo "2270"]
[BlackElo "1959"]
[PlyCount "99"]
[EventDate "2019.01.19"]

1. Nf3 Nf6 2. g3 d5 3. Bg2 c6 4. O-O Bg4 5. d3 Nbd7 6. Nbd2 e6 7. h3 Bh5 8. b3
a5 9. a3 Bd6 10. Bb2 Qc7 11. Qe1 O-O 12. e4 e5 13. Nh4 Bg6 14. Nxg6 hxg6 15.
Qe2 Rfe8 16. Rfe1 Rab8 17. Nf1 d4 18. Nd2 b5 19. Rec1 a4 20. h4 c5 21. c3 Qa7
22. Qd1 axb3 23. cxd4 cxd4 24. Nxb3 Rec8 25. Bh3 Ra8 26. Rxc8+ Rxc8 27. Bf1 Nb6
28. Rc1 Rxc1 29. Qxc1 Na4 30. Qc6 Qc7 31. Qxc7 Bxc7 32. Bc1 Nd7 33. f4 f6 34.
fxe5 fxe5 35. Bh3 Ndc5 36. Nxc5 Nxc5 37. Bd2 Nxd3 38. Bd7 Nc5 39. Bc6 Bd6 40.
Kg2 Kf8 41. Kf3 Nb3 42. Ke2 Bxa3 43. Bxb5 Nxd2 44. Kxd2 Ke7 45. Kd3 Bb4 46. g4
Be1 47. Ba6 Bxh4 48. Bc8 Kf6 49. Bd7 Kg5 50. Bc8 1/2-1/2

[Event "MARIENBAD OPEN 2019 - C - FIDE open"]
[Site "Polonia hotel, Marianske Lazne"]
[Date "2019.01.20"]
[Round "2"]
[White "Hoke, Petr"]
[Black "Qiu, Mengjie"]
[Result "0-1"]
[WhiteElo "1958"]
[BlackElo "2247"]
[PlyCount "118"]
[EventDate "2019.01.19"]

1. e4 c6 2. d4 d5 3. exd5 cxd5 4. Bd3 Nc6 5. c3 g6 6. Bf4 Nh6 7. Nf3 Bf5 8. O-O
Bg7 9. Na3 O-O 10. Bxh6 Bxh6 11. Bxf5 gxf5 12. Nh4 e6 13. Qh5 Qg5 14. Qxg5+
Bxg5 15. Nf3 Bh6 16. Rfe1 b5 17. Nc2 Rab8 18. Ne5 Nxe5 19. Rxe5 a5 20. a3 Rfc8
21. Re2 Rc4 22. g3 Bf8 23. Kg2 b4 24. Ne3 Rc6 25. cxb4 axb4 26. Kf3 Bg7 27. Rd2
Ra6 28. Rd3 Ra4 29. Rad1 bxa3 30. bxa3 Rb2 31. g4 fxg4+ 32. Nxg4 Ra2 33. h4
R2xa3 34. Rxa3 Rxa3+ 35. Kf4 h5 36. Ne3 Bh6+ 37. Kf3 f5 38. Ke2 f4 39. Nc2 f3+
40. Kf1 Rc3 41. Ne1 Bg7 42. Kg1 Bf6 43. Nd3 Bxh4 44. Kh2 Kf7 45. Kh3 Bf6 46.
Ne1 Kg6 47. Kg3 e5 48. dxe5 Bxe5+ 49. Kh3 d4 50. Nd3 Kf5 51. Kh4 Bf6+ 52. Kg3
Ke4 53. Nb4 Be5+ 54. Kh4 d3 55. Kxh5 Bd6 56. Re1+ Kf5 57. Nd5 d2 58. Rd1 Rd3
59. Nb6 Bf4 0-1

[Event "MARIENBAD OPEN 2019 - C - FIDE open"]
[Site "Polonia hotel, Marianske Lazne"]
[Date "2019.01.20"]
[Round "2"]
[White "Stojkovic, Andreja"]
[Black "Sprenar, Petr"]
[Result "1/2-1/2"]
[WhiteElo "1956"]
[BlackElo "2236"]
[PlyCount "86"]
[EventDate "2019.01.19"]

1. e4 c5 2. Nf3 e6 3. d4 cxd4 4. Nxd4 Nc6 5. Be3 Qc7 6. Be2 Nf6 7. Nd2 a6 8.
O-O d6 9. Kh1 Bd7 10. f4 Be7 11. Bf3 O-O 12. c3 d5 13. e5 Ne8 14. Bg4 g6 15.
Qe1 Ng7 16. Qg3 f6 17. N2f3 fxe5 18. Nxe5 Nxe5 19. fxe5 Rxf1+ 20. Rxf1 Qc4 21.
Ra1 Rf8 22. Be2 Qc7 23. Kg1 Bc5 24. Rf1 Rxf1+ 25. Kxf1 Bxd4 26. Bxd4 Qa5 27. a3
Bb5 28. Qf2 Qa4 29. Bxb5 Qxb5+ 30. Qe2 Qb3 31. g4 Ne8 32. Qd2 Qa2 33. Kg2 Qb1
34. Kg3 h5 35. h3 Ng7 36. Bc5 Qe4 37. Qe3 Qc2 38. Qf2 Qd3+ 39. Qf3 Qb5 40. Bf8
hxg4 41. hxg4 Qd7 42. Bc5 Qb5 43. Bf8 Qd7 1/2-1/2